Name all African and Asian Countries Alphabetically - Statistics

General Stats
  • This quiz has been taken 55 times
  • The average score is 59 of 102
Answer Stats
Hint Country % Correct
A Afghanistan
100%
Algeria
97%
Angola
87%
Armenia
87%
Azerbaijan
87%
Bangladesh
87%
Benin
87%
B Bahrain
84%
Burkina Faso
84%
C Cambodia
84%
Djibouti
84%
G Gabon
81%
Jordan
81%
K Kazakhstan
81%
Bhutan
77%
Burundi
77%
J Japan
77%
Botswana
74%
Guinea
74%
Guinea-Bissau
74%
Israel
74%
Kuwait
74%
Kyrgyzstan
74%
L Laos
74%
Cameroon
71%
Chad
71%
Eritrea
71%
Eswatini
71%
Ethiopia
71%
Georgia
71%
I India
71%
Indonesia
71%
Iran
71%
Iraq
71%
Kenya
71%
Central African Republic
68%
Cyprus
68%
E East Timor
68%
Egypt
68%
Ghana
68%
Lebanon
68%
Lesotho
68%
Libya
68%
O Oman
68%
Q Qatar
68%
Brunei
65%
Cape Verde
65%
China
65%
D Democratic Republicof the Congo
65%
Equatorial Guinea
65%
Ivory Coast
65%
Liberia
65%
Rwanda
65%
Comoros
61%
Gambia
61%
M Madagascar
58%
Malawi
58%
Mali
55%
Mauritania
55%
P Pakistan
55%
Malaysia
52%
Maldives
52%
Myanmar
52%
Niger
52%
Nigeria
52%
North Korea
48%
S São Tomé and Príncipe
48%
U Uganda
48%
Mauritius
45%
N Namibia
45%
Y Yemen
45%
Z Zambia
45%
Zimbabwe
45%
Nepal
42%
Philippines
42%
Saudi Arabia
42%
Seychelles
42%
United Arab Emirates
42%
Uzbekistan
42%
Mongolia
39%
Mozambique
39%
Tajikistan
39%
R Republic of the Congo
35%
Morocco
32%
Sudan
32%
V Vietnam
32%
Senegal
29%
South Sudan
29%
T Taiwan
29%
Tanzania
29%
Turkey
29%
Turkmenistan
29%
Sierra Leone
26%
Singapore
26%
Somalia
26%
South Korea
26%
Syria
26%
South Africa
23%
Togo
23%
Thailand
19%
Tunisia
19%
Sri Lanka
16%
No matching quizzes found
Score Distribution
Percent of People with Each Score
Percentile by Number Answered
Your Score History
You have not taken this quiz